[Event "IM Marmaris Karia V 2019"]
[Site "Marmaris"]
[Date "2019.03.11"]
[Round "7.1"]
[White "Tanriverdi, Enes"]
[Black "Bajarani, Ulvi"]
[Result "1/2-1/2"]
[WhiteElo "2310"]
[BlackElo "2460"]
[Annotator "TA"]
[PlyCount "62"]
[EventDate "2019.03.09"]
[EventType "schev"]
[EventCountry "TUR"]
[SourceTitle "playchess.com"]
[Source "ChessBase"]
[SourceQuality "1"]

{[%evp 13,62,18,16,16,17,14,14,12,11,10,8,11,15,18,13,13,18,10,15,2,15,12,13,5,9,12,7,0,7,3,6,-12,4,2,14,18,20,23,10,0,8,9,15,15,45,47,69,62,78,62,63]} 1. d4 d5 2. c4 c6 3. cxd5 cxd5 4. Bf4 Nc6 5. Nc3 Nf6 6. e3 Bf5 7. Qb3 Na5 8. Qa4+ {D10: Slav Defence: 3 cxd5 (without early Nf3) and 3 Nc3} Bd7 9. Qc2 e6 10. Bd3 {The position is equal.} Be7 11. Nf3 Nc6 12. a3 Nh5 13. Be5 f6 14. Bg3 ({Much worse is} 14. Bxh7 fxe5 15. dxe5 Kf8 $17) 14... f5 15. Ne5 O-O {[#]} 16. Qe2 $146 ({Predecessor:} 16. Nxc6 Bxc6 {1-0 (70) Aczel,G (2549)-Banusz,T (2612) Budapest 2018}) 16... g6 17. Nxc6 Bxc6 18. Be5 Bd6 19. Bxd6 Qxd6 20. f4 Nf6 21. h3 Rfc8 22. O-O Kf7 23. Rac1 Be8 24. Rc2 Rc7 25. Rfc1 {[#] Threatens to win with Nb5.} Rac8 26. Nb1 Rxc2 (26... h6 {looks sharper.} 27. Nc3 Qd8 28. g4 Kg7 29. Qg2 Ne4) 27. Rxc2 Rxc2 28. Qxc2 Bc6 29. Nd2 Nd7 30. Nf3 h6 31. b4 {[#] aiming for b5.} a6 {Accuracy: White = 66%, Black = 68%.} 1/2-1/2

[Event "IM Marmaris Karia V 2019"]
[Site "Marmaris"]
[Date "2019.03.11"]
[Round "7.2"]
[White "Keler, Faruk"]
[Black "Sibashvili, Giorgi"]
[Result "0-1"]
[WhiteElo "2291"]
[BlackElo "2419"]
[Annotator "TA"]
[PlyCount "114"]
[EventDate "2019.03.09"]
[EventType "schev"]
[EventCountry "TUR"]
[SourceTitle "playchess.com"]
[Source "ChessBase"]
[SourceQuality "1"]

{[%evp 23,114,9,11,11,10,11,22,17,27,10,34,24,70,78,68,70,66,64,130,137,143,61,95,63,117,-17,-12,-17,-17,-16,0,0,0,0,0,-16,0,0,0,0,-1,-1,-1,-1,-1,-1,0,-1,-1,-9,-4,-29,-29,-32,-35,-30,-8,-52,-52,-65,-40,-40,-19,-19,-20,-45,-8,-59,-59,-59,-59,-61,-8,-58,-8,-45,-8,-32,-32,-32,-32,-32,-8,-32,-8,-32,-8,-8,-8,-5398,-4293,-29990,-29991]} 1. e4 e6 2. d4 d5 3. Nd2 c5 4. exd5 Qxd5 5. Ngf3 cxd4 6. Bc4 Qd8 7. O-O Nc6 8. Nb3 a6 {C07: French Tarrasch: 3...c5, 4 Ngf3 and 4 exd5 Qxd5} 9. Nbxd4 Nxd4 10. Nxd4 Qc7 11. Bb3 Bd6 12. Qh5 Nf6 {LiveBook: 10 Games} 13. Qh4 Bd7 14. Bg5 O-O-O 15. Rad1 {[%cal Ba1d1,Bd1d3,Bd3c3,Bc3c4][%mdl 32]} h6 16. Bxf6 gxf6 {[#]} 17. Rd3 $146 Be5 18. Rc3 $1 {[%cal Rc3c7]} Bc6 19. Nxc6 bxc6 20. Rc4 Bxb2 (20... c5 $14) 21. c3 $16 f5 22. Qh3 (22. Qh5 $16) 22... Rd6 23. Ba4 Kd7 ({Better is} 23... Ba3 $1 $14) 24. Rd1 ({White should play} 24. Qh4 $16) 24... Rxd1+ $11 25. Bxd1 Qe5 {[%cal Re5e1]} 26. Kf1 Rd8 27. f4 Qb5 28. Be2 Ke8 29. Rd4 Qc5 30. Qxh6 {aiming for Qh8+.} Rxd4 31. Qh8+ Ke7 32. Qxd4 $1 Qxd4 33. cxd4 {[%mdl 4096] Endgame KB-KB} a5 34. Bf3 Kd6 35. h4 Bxd4 36. h5 Bg7 37. g3 c5 38. Be2 Kd5 39. Bb5 Kd4 40. Be8 f6 41. Bd7 e5 42. fxe5 fxe5 (42... Kxe5 {seems wilder.} 43. Ke2 f4 44. gxf4+ Kxf4 45. Kd3 f5) 43. Bxf5 Ke3 44. Ke1 e4 45. Kd1 (45. Bd7 $11) 45... Kf3 $15 46. g4 Bh6 47. Be6 Ke3 (47... e3 $15 48. Ke1 Bg5) 48. Bb3 Bg5 49. Be6 Kd3 50. Bb3 c4 51. Bc2+ Ke3 52. Ba4 Kd4 53. Bc2 e3 {[%cal Be4e3,Be3e2][%mdl 32] ...Kc3 is the strong threat.} 54. Bf5 Kc3 {White must now prevent ...Kb2.} 55. Be6 $1 Kb4 {And now ...c3 would win.} 56. Bf7 $2 {[%mdl 8192] [#]} (56. Bd5 $11) 56... c3 $1 $19 {[%cal Rc3c2]} 57. Be8 {[#]} e2+ $1 {[%mdl 512] Precision: White = 37%, Black = 42%.} 0-1

[Event "IM Marmaris Karia V 2019"]
[Site "Marmaris"]
[Date "2019.03.11"]
[Round "7.3"]
[White "Uzumcu, Ahmet Utku"]
[Black "Szabo, Bence"]
[Result "1/2-1/2"]
[WhiteElo "2211"]
[BlackElo "2376"]
[Annotator "TA"]
[PlyCount "63"]
[EventDate "2019.03.09"]
[EventType "schev"]
[EventCountry "TUR"]
[SourceTitle "playchess.com"]
[Source "ChessBase"]
[SourceQuality "1"]

{[%evp 22,63,0,0,23,8,7,13,4,0,0,0,10,14,13,27,10,-5,-9,-24,-28,-14,-4,-7,0,0,0,0,0,0,0,0,0,0,0,0,0,0,0,0,0,0,0,-1]} 1. e4 c5 2. Nf3 d6 3. Bb5+ Bd7 4. Bxd7+ Qxd7 5. O-O Nf6 6. Re1 Nc6 7. b3 e6 8. Bb2 Be7 9. d4 cxd4 10. Nxd4 O-O 11. c4 a6 12. Nc3 {[%cal Bb1c3,Bc3e2,Be2d4][%mdl 32]} Rab8 {B52: Sicilian: Moscow Variation with 3...Bd7} (12... Rfd8 13. Nxc6 Qxc6 14. Rc1 Qe8 15. a4 Qc6 16. h3 Qb6 17. Rb1 Rac8 18. Re3 Nd7 19. Ne2 Bf6 20. Bxf6 Nxf6 {1-0 (70) Demchenko,A (2629)-Jakovljevic,V (2384) Sarajevo 2017}) 13. Rc1 Rfc8 14. Nxc6 $146 ({Predecessor:} 14. Qd2 Nxd4 15. Qxd4 b5 16. cxb5 axb5 17. Rcd1 b4 18. Na4 Qb7 19. Qd3 Rd8 20. Qg3 {0-1 (44) Schmidt,G (2390)-Gurevich,V (2460) Germany 2008}) 14... Rxc6 15. Ne2 b5 16. Nd4 Rc7 17. cxb5 axb5 18. Rxc7 Qxc7 19. Qd3 Qb7 20. Rc1 Bf8 21. Nc6 Rc8 {The position is equal.} 22. Bxf6 (22. Qc2 $5 {[%cal Rb2f6]} Rc7 23. a3 $11) 22... Rxc6 23. Rxc6 Qxc6 24. Bb2 d5 25. exd5 exd5 26. h3 b4 27. Qd2 h6 28. Qd3 Qa8 29. Be5 Qc6 30. Bb2 Qa8 31. Be5 Qc6 32. Bb2 {Accuracy: White = 44%, Black = 83%.} 1/2-1/2

[Event "IM Marmaris Karia V 2019"]
[Site "Marmaris"]
[Date "2019.03.11"]
[Round "7.4"]
[White "Haussernot, Cecile"]
[Black "Dimitrijevic, Aleksandra"]
[Result "1/2-1/2"]
[WhiteElo "2144"]
[BlackElo "2139"]
[Annotator "TA"]
[PlyCount "60"]
[EventDate "2019.03.09"]
[EventType "schev"]
[EventCountry "TUR"]
[SourceTitle "playchess.com"]
[Source "ChessBase"]
[SourceQuality "1"]

{[%evp 11,60,42,25,27,20,0,23,-7,-7,-10,-7,-6,-10,-9,-8,-23,0,0,16,-22,-24,-22,-26,-27,-10,-38,-46,-36,0,0,0,0,-4,0,69,14,33,0,0,0,0,0,64,0,0,0,53,0,0,0,92]} 1. e4 c5 2. Nf3 Nc6 3. Nc3 Nf6 4. Bb5 Nd4 5. e5 Nxb5 6. Nxb5 Nd5 7. c4 {B30: Sicilian: 2...Nc6 3 Bb5, lines without ...g6} (7. Ng5 f6 8. Qf3 e6 9. Ne4 Qb6 10. Nbd6+ Bxd6 11. Nxd6+ Ke7 12. Qg3 Rg8 13. d3 fxe5 14. Nc4 Qc7 15. Nxe5 d6 {1-0 (49) Grischuk,A (2772)-Korobov,A (2652) Huaian 2017}) 7... Nc7 8. Nc3 d5 9. cxd5 $146 {White has an edge.} ({Predecessor:} 9. exd6 exd6 10. O-O Be7 11. d4 O-O 12. Bf4 Ne6 13. Be3 cxd4 14. Nxd4 Nxd4 15. Bxd4 {1-0 (31) Hoogkamer,M (1767)-Van Rooijen,M (1785) ICCF email 2015}) 9... Nxd5 10. Qa4+ Bd7 11. Qc4 Nxc3 12. dxc3 e6 13. Be3 a6 14. Rd1 ({Don't blunder} 14. Bxc5 $2 Rc8 $19) 14... Qc7 15. a4 h6 16. O-O Be7 17. Qg4 g6 18. Nd2 Qxe5 19. Nc4 Qc7 20. Rxd7 {[%mdl 64] Decoy} Qxd7 21. Nb6 $1 $36 {[%cal Rb6d7][%mdl 2048] White fights for an advantage.} Qd8 ({Much worse is} 21... h5 22. Qg3 $14) 22. a5 {[#] Black must now prevent Rd1.} O-O (22... Rc8 $1 $11) 23. Bxh6 (23. Rd1 $14 Qe8 24. Bxh6) 23... Qd3 $11 24. Nxa8 Rxa8 25. Rd1 Qc2 26. h4 Bxh4 ({Better is} 26... Rd8 $11 27. Rxd8+ Bxd8) 27. Rd2 Qb1+ $1 28. Rd1 Qc2 29. Rd2 {[%mdl 1024] White has compensation.} Qb1+ $1 30. Rd1 Qc2 {Accuracy: White = 50%, Black = 64%.} 1/2-1/2

[Event "IM Marmaris Karia V 2019"]
[Site "Marmaris"]
[Date "2019.03.11"]
[Round "7.5"]
[White "Ozkan, Taha"]
[Black "Nagy, Gabor"]
[Result "0-1"]
[WhiteElo "2019"]
[BlackElo "2487"]
[Annotator "TA"]
[PlyCount "76"]
[EventDate "2019.03.09"]
[EventType "schev"]
[EventCountry "TUR"]
[SourceTitle "playchess.com"]
[Source "ChessBase"]
[SourceQuality "1"]

{[%evp 14,75,12,11,3,-11,3,2,12,6,10,8,26,21,22,14,45,46,50,38,91,47,52,-72,-84,-131,-133,-234,-62,-126,-89,-100,-77,-56,-65,-95,-72,-153,-155,-168,-137,-137,-132,-218,-19,-27,-34,-47,-56,-216,-227,-231,-233,-601,-181,-29989,-29990,-29990,-29991,-29994,-29995,-29998,-29999,-29999]} 1. d4 Nf6 2. Nf3 g6 3. Nc3 d5 4. Bf4 Bg7 5. e3 O-O 6. Be2 c5 7. Ne5 cxd4 8. exd4 Nc6 {D00: 1 d4 d5: Unusual lines} 9. Qd2 Nd7 {[%cal Rd7e5]} (9... Qb6 10. Nxc6 Qxc6 11. O-O Bd7 12. Rfe1 a6 13. a4 Rac8 14. a5 e6 15. Ra3 b5 16. axb6 Qxb6 17. Bxa6 {½-½ (60) Agdestein,S (2603)-Zude,E (2403) Helsingor 2016}) 10. Nxd5 Ndxe5 {The position is equal.} 11. dxe5 Nxe5 $146 ({Predecessor:} 11... Be6 12. Rd1 Qb8 13. O-O Rd8 14. Bf3 Bxd5 {0-1 (14) Attarian,F (1894)-Lagarde,M (2346) Aix les Bains 2009}) 12. Bg5 f6 13. Be3 e6 14. Nc3 Qe7 15. O-O-O Nf7 16. Bc4 a6 (16... f5 $14) 17. h4 b5 {[%cal Bb7b5,Bb5b4][%mdl 32]} 18. Bd3 (18. Bb3 $1 $14 {was the only good move.}) 18... f5 19. Rdg1 Bb7 20. f3 (20. Kb1 $17 {is a better defense.}) 20... Rad8 $2 (20... Rac8 $1 $19 {Hoping for ...Rfd8.} 21. h5 Bxc3 22. bxc3 Qa3+ 23. Kd1 e5) 21. Qe1 (21. h5 $15) 21... Qf6 22. Kb1 b4 23. Nd1 a5 24. Bc1 Rd4 25. Bb5 (25. Qe2 $142) 25... Nd6 $17 26. Qe2 Nxb5 27. Qxb5 Qf7 28. Ne3 (28. h5 $17 {was called for.}) 28... e5 $2 (28... f4 $1 $19 {[%cal Rf4e3]} 29. Ng4 Rd5) 29. Rd1 Rc8 30. b3 e4 {aiming for ...Rxd1.} 31. f4 $2 (31. Rxd4 $15 Bxd4 32. Rd1) 31... Rxd1 $19 32. Nxd1 Qc7 {[%csl Gc8][%cal Rc7c2] [#]} 33. Qe2 $2 {[#]} (33. Qc4+ $1 {[%mdl 512]} Qxc4 34. bxc4) 33... Ba6 $2 $40 {[%mdl 128] Black goes for the king.} (33... e3 $1 {[%mdl 512]} 34. Nb2 (34. Bxe3 Be4) 34... Qc3) 34. Qf2 $2 {[#]} (34. Qd2 $19) 34... Bd3 $1 {[%mdl 576] Pin. Black mates.} 35. Bb2 (35. cxd3 Qxc1#) 35... Bxc2+ 36. Ka1 Bxd1 37. Rxd1 {[#]} Qc1+ $1 {[%mdl 576] Back Rank} 38. Rxc1 Rxc1# {Accuracy: White = 24%, Black = 41%.} 0-1

[Event "IM Marmaris Karia V 2019"]
[Site "Marmaris"]
[Date "2019.03.11"]
[Round "8.1"]
[White "Sibashvili, Giorgi"]
[Black "Tanriverdi, Enes"]
[Result "1/2-1/2"]
[WhiteElo "2419"]
[BlackElo "2310"]
[Annotator "TA"]
[PlyCount "26"]
[EventDate "2019.03.09"]
[EventType "schev"]
[EventCountry "TUR"]
[SourceTitle "playchess.com"]
[Source "ChessBase"]
[SourceQuality "1"]

{[%evp 25,26,0,0]} 1. e4 e5 2. Nf3 Nc6 3. Bb5 a6 4. Bxc6 dxc6 5. O-O Bg4 6. h3 h5 {[%cal Bh7h5,Bh5g4][%mdl 32]} 7. c3 Qd3 8. hxg4 hxg4 9. Nxe5 Bd6 10. Nxd3 Bh2+ 11. Kh1 $146 Bd6+ 12. Kg1 Bh2+ 13. Kh1 Bd6+ {LiveBook: 51 Games. C68: Ruy Lopez: Exchange Variation, sidelines} 1/2-1/2

[Event "IM Marmaris Karia V 2019"]
[Site "Marmaris"]
[Date "2019.03.11"]
[Round "8.2"]
[White "Szabo, Bence"]
[Black "Keler, Faruk"]
[Result "1-0"]
[WhiteElo "2376"]
[BlackElo "2291"]
[Annotator "TA"]
[PlyCount "71"]
[EventDate "2019.03.09"]
[EventType "schev"]
[EventCountry "TUR"]
[SourceTitle "playchess.com"]
[Source "ChessBase"]
[SourceQuality "1"]

{[%evp 22,71,10,0,36,14,64,20,25,0,0,10,25,6,35,22,27,12,85,92,82,72,120,117,128,113,112,121,120,121,120,99,139,144,451,445,422,422,466,268,509,450,424,447,427,435,428,416,670,707,866,640]} 1. c4 e6 2. Nf3 d5 3. g3 Nf6 4. Bg2 Be7 5. O-O O-O 6. b3 c5 7. Bb2 Nc6 8. e3 b6 9. Qe2 Bb7 10. d3 dxc4 11. bxc4 Qc7 12. Nc3 {[%cal Bb1c3,Bc3b5,Bb5d6][%mdl 32]} Nd7 {A14: English Opening: 1...e6 with b3 by White} (12... a6 13. Rab1 Rab8 14. Ba1 Na7 15. Qc2 Bc6 16. a4 Ba8 17. a5 b5 18. cxb5 axb5 19. a6 Qa5 20. Qa2 Qxa2 21. Nxa2 Rb6 22. Nc3 {½-½ (85) Tomashevsky,E (2758)-Stern,R (2538) Berlin 2015}) 13. Rad1 $146 ({Predecessor:} 13. Nb5 Qb8 14. d4 a6 15. Nc3 Qc7 16. d5 Na7 17. Rad1 b5 18. cxb5 axb5 19. dxe6 fxe6 20. Nxb5 Nxb5 21. Qxb5 Bc6 {1-0 (29) Mateu Palau,X-West,G Graz 1978}) 13... Bf6 14. Ne1 a6 {The position is equal.} 15. f4 b5 16. cxb5 axb5 17. Nxb5 Qb8 18. Bxf6 Nxf6 19. Ra1 Na7 (19... Nb4 $11 20. a4 Nfd5) 20. Bxb7 $16 Qxb7 21. Nd6 $36 {[%mdl 2048] White is on the roll.} Qd5 22. Nc4 Rfb8 23. Nf3 Nc6 24. Rfb1 Rxb1+ 25. Rxb1 h6 26. Rb3 Ra6 27. a3 Na5 $2 {[%mdl 8192] [#]} (27... Ra8 $16 28. Rb5 Rd8) 28. Rb8+ $18 Kh7 29. Nce5 Ra7 30. Rf8 (30. Qg2 $142 Ng8 31. Qh3) 30... Nb3 $2 (30... Nc6 31. Nxf7 g6) 31. Qf1 {[#] White threatens Ng5+! and mate.} g6 32. e4 Qd6 33. Rxf7+ Rxf7 34. Nxf7 Qa6 (34... Qd7 $142 35. Qh3 Nh5) 35. Qh3 Ng8 36. N7g5+ {Accuracy: White = 60%, Black = 37%.} 1-0

[Event "IM Marmaris Karia V 2019"]
[Site "Marmaris"]
[Date "2019.03.11"]
[Round "8.3"]
[White "Dimitrijevic, Aleksandra"]
[Black "Uzumcu, Ahmet Utku"]
[Result "1/2-1/2"]
[WhiteElo "2139"]
[BlackElo "2211"]
[Annotator "TA"]
[PlyCount "137"]
[EventDate "2019.03.09"]
[EventType "schev"]
[EventCountry "TUR"]
[SourceTitle "playchess.com"]
[Source "ChessBase"]
[SourceQuality "1"]

{[%evp 18,137,51,27,44,18,14,6,18,26,35,12,11,0,0,-11,0,0,0,-24,-17,-55,-25,-60,-44,-88,-14,-25,41,3,104,64,99,64,51,48,77,-55,-34,-34,-37,-41,8,7,20,-7,-23,-27,-28,-25,0,-120,-126,-114,-124,-138,-112,-122,-110,-172,-172,-166,-152,-518,0,-124,-107,-96,-77,-67,-65,-72,0,-68,0,-46,-9,-145,-138,-131,-72,-57,0,-50,-16,-16,-16,-16,-17,-17,-17,-17,-16,-16,-17,-17,-17,-17,-17,-17,-17,-79,-79,-79,-62,-79,-20,-28,0,0,0,0,0,0,0,0,0,0,0,0,0,0]} 1. d4 Nf6 2. c4 g6 3. Nf3 Bg7 4. g3 O-O 5. Bg2 d5 6. O-O Nc6 7. cxd5 Nxd5 8. Nc3 Nb6 9. e3 a5 10. b3 e5 {[%cal Re5d4] D76: Fianchetto Grünfeld: Main Line with 7...Nb6} 11. dxe5 Nxe5 12. Nxe5 Bxe5 13. Bb2 c6 14. Qc2 Qe7 15. f4 (15. Rad1 Bg4 16. f3 Be6 17. f4 Bg7 18. e4 {0-1 (78) Giri,A (2734)-Le,Q (2703) Beijing 2013}) 15... Bg7 16. e4 $146 ({Predecessor:} 16. Rae1 Qc5 17. Rf2 Re8 18. Nd1 Qxc2 19. Rxc2 {0-1 (37) Kimerling,M (2157)-Borik,J (2188) Slovakia 2014}) 16... Rd8 17. Kh1 a4 18. Rac1 axb3 19. Qxb3 Ra6 20. f5 Nd7 21. a4 Rb6 (21... Nc5 $17 22. Qb4 Bf8) 22. Qa2 $11 gxf5 (22... Qe8 $11) 23. exf5 $14 Re8 (23... Nf6 $11) 24. Ba3 $16 Qe3 $1 25. Rf3 Qe5 $1 26. Rd1 Qa5 27. Bb2 (27. Qc2 $1 $16) 27... Nf6 28. Ba1 Bxf5 29. Nd5 $1 {[%cal Rd5b6]} cxd5 30. Rxf5 Rbe6 {Threatening ...Re1+.} 31. Rdf1 {[%cal Ra1f6]} Re2 32. Qb3 Qd2 33. Bc3 Qd3 {Hoping for ...d4.} 34. Rg5 (34. Qb4 $1 $11 {keeps the balance.} R8e4 35. Bxe4 (35. Qxb7 Qxc3 36. Bxe4 Rxe4 $11) 35... Nxe4 36. Rxf7 (36. Bxg7 Rxh2+ {[%mdl 64] Decoy} 37. Kxh2 Qxg3+ {[%mdl 64] Double Attack} 38. Kh1 Qh3+ 39. Kg1 Qg4+ 40. Kh2 Qh4+ 41. Kg2 Qg4+ 42. Kh2 Qh4+ 43. Kg2 Qg4+ 44. Kh2 $11) 36... Rxh2+ {[%mdl 64] Remove Defender} 37. Kxh2 Qxg3+ 38. Kh1 Qh3+ 39. Kg1 Qg4+ 40. Kh2 Qg3+ 41. Kh1 Qh3+ 42. Kg1 Qg4+ 43. Kh1 (43. Kh2 Qg3+ $11) 43... Qh3+) 34... d4 $1 $17 {[%cal Rd4c3]} 35. Qb6 (35. Rxf6 Re1+ $1 {[%mdl 512]} 36. Bxe1 Rxe1+ 37. Bf1 Rxf1+ 38. Kg2 Qe2+ 39. Kh3 Rxf6 40. g4 d3 41. Rxg7+ Kxg7 42. Qc3 Kg6 43. Qxf6+ Kxf6 44. Kg3 Qe3+ 45. Kg2 d2 46. h4 d1=Q 47. g5+ Kf5 48. Kh2 Qdg1#) 35... Ne4 {[%mdl 64] Double Attack} 36. Rxg7+ Kxg7 37. Bxd4+ Kg8 {And now ...Rxg2! would win.} 38. Qc7 (38. Qxb7 $17 Nxg3+ 39. hxg3 Qxd4 40. Qxf7+ Kh8 41. Bc6) 38... Ng5 $19 39. Qf4 Qg6 40. Bc3 $2 {[#]} (40. Bxb7 $17 {is tougher.} Ne6 41. Qh4) 40... Ne6 $2 (40... Rxg2 $1 $19 {[%mdl 512]} 41. Qd4 (41. Kxg2 Qc6+) 41... Rxh2+ $1 {[%mdl 512]} 42. Kg1 Rg2+ $1 {[%mdl 576] Decoy} 43. Kxg2 Re2+ 44. Rf2 Qc6+ 45. Kf1 Rxf2+ 46. Kxf2 Ne4+ {[%mdl 64] Double Attack} 47. Ke3 Nxc3 48. Qd8+ Kg7 49. Qg5+ Qg6 50. Qe5+ Qf6 51. Qxf6+ Kxf6) 41. Qf3 (41. Qc4 $1 $11 Re3 42. a5) 41... Rc2 $17 42. Ba1 Rec8 43. Qxb7 Rc1 $1 {[%cal Rc1f1]} 44. Qb2 {[%csl Ga1][%cal Rb2h8]} Rxf1+ 45. Bxf1 {[%csl Ga1][%cal Rb2h8]} Ng7 (45... f6 $1 $15 46. Kg1 Kg7) 46. Bg2 Qg5 47. Bc6 (47. Bf1 $1 $11) 47... h5 48. Be4 {[#]} Re8 ({Black should try} 48... Qc1+ $1 49. Kg2 Qxb2+ 50. Bxb2 Rc4 {[%mdl 64] Double Attack}) 49. Bf3 Rc8 ({Black should play} 49... h4 $15 50. Kg2 hxg3) 50. Kg2 (50. Be4 {looks sharper.}) 50... Rd8 51. Qxg7+ Qxg7 52. Bxg7 Kxg7 53. Bxh5 $11 {[%mdl 4096] Endgame KR-KB} Rd2+ 54. Kh3 Ra2 55. Bd1 Kf6 56. Bb3 Ra3 57. Bd1 Kg5 {White must now prevent ...f5.} 58. Kg2 Ra2+ 59. Kf3 (59. Kh3 $1 $11) 59... Rxh2 $17 60. Be2 Rh1 {Threatens to win with ...Ra1.} 61. a5 Ra1 (61... Kf6 $17 {...Ke5 is the strong threat.} 62. Ke4 Re1) 62. a6 $11 Ra3+ 63. Ke4 {The position is equal.} f5+ 64. Kd5 Rxg3 65. Kc6 Kf4 66. a7 Ra3 67. Kb7 Rxa7+ 68. Kxa7 {aiming for Bd3.} Ke3 69. Bh5 {Accuracy: White = 51%, Black = 51%.} 1/2-1/2

[Event "IM Marmaris Karia V 2019"]
[Site "Marmaris"]
[Date "2019.03.11"]
[Round "8.4"]
[White "Nagy, Gabor"]
[Black "Van Der Merwe, Cecile H."]
[Result "0-1"]
[WhiteElo "2487"]
[BlackElo "2038"]
[Annotator "TA"]
[PlyCount "62"]
[EventDate "2019.03.09"]
[EventType "schev"]
[EventCountry "TUR"]
[SourceTitle "playchess.com"]
[Source "ChessBase"]
[SourceQuality "1"]

{[%evp 9,62,21,23,-3,22,-4,29,25,18,26,30,-64,-57,-62,-19,-6,-5,-43,-22,-64,-41,-123,-70,-178,-136,-203,-109,-100,-147,-255,-272,-304,-334,-300,-302,-332,-304,-300,-289,-325,-323,-332,-326,-326,-318,-629,-629,-677,-671,-655,-639,-621,-639,-637,-621]} 1. e4 c5 2. Nf3 d6 3. d4 cxd4 4. Nxd4 Nf6 5. Nc3 a6 6. h4 {B90: Sicilian Najdorf: Unusual White 6th moves, 6 Be3 Ng4 and 6 Be3 e5} Nc6 7. h5 Bg4 $146 ({Predecessor:} 7... e5 8. Nb3 Be6 9. Bg5 Be7 10. h6 g6 11. Qd2 b5 12. Rd1 b4 13. Bxf6 Bxf6 {½-½ (46) Alekseenko,K (2637)-Vachier Lagrave,M (2780) chess.com INT 2019}) 8. f3 {White has an edge.} Bxh5 9. g4 Bg6 10. Nde2 {[#]} (10. Be3 $11) 10... d5 $1 $15 {[%cal Rd5e4][%mdl 512]} 11. g5 (11. exd5 Nb4 $17) (11. Nxd5 Nxd5) 11... dxe4 {And now ...Qa5 would win.} 12. gxf6 exf3 13. Nf4 Qxd1+ 14. Kxd1 O-O-O+ 15. Bd2 ({White should try} 15. Ke1 $1 $15 Bxc2 16. Be3) 15... gxf6 (15... exf6 $17 16. Nxg6 fxg6) 16. b4 ({Better is} 16. Ke1 $15) 16... h5 17. Bd3 Nxb4 (17... f5 $19 {...e5 is the strong threat.} 18. Rb1 e5) 18. Bxg6 $17 fxg6 19. Rb1 (19. Nxg6 $17 Bh6 20. Ne4) 19... Nc6 $19 20. Nxg6 {[#]} Bh6 $1 21. Nxh8 Bxd2 ({Weaker is} 21... Rxd2+ 22. Ke1 $17) 22. Nf7 Rd4 23. Ne2 Rd7 ({But not} 23... fxe2+ 24. Kxe2 Ba5 25. Rxh5 $19) 24. Nc1 Ba5+ 25. Nd3 e5 26. Nh6 e4 27. Rb3 $2 (27. Rxh5 exd3 28. cxd3) 27... e3 {aiming for ...e2+.Black is clearly winning.} ({Not} 27... exd3 28. Rxd3 Rh7 29. Nf5 $17) 28. Kc1 e2 29. Nf2 e1=Q+ 30. Rxe1 Bxe1 31. Rxf3 Bd2+ {[%mdl 64] Double Attack. Accuracy: White = 39%, Black = 69%.} 0-1

[Event "IM Marmaris Karia V 2019"]
[Site "Marmaris"]
[Date "2019.03.11"]
[Round "8.5"]
[White "Bajarani, Ulvi"]
[Black "Ozkan, Taha"]
[Result "1-0"]
[WhiteElo "2460"]
[BlackElo "2019"]
[Annotator "TA"]
[PlyCount "149"]
[EventDate "2019.03.09"]
[EventType "schev"]
[EventCountry "TUR"]
[SourceTitle "playchess.com"]
[Source "ChessBase"]
[SourceQuality "1"]

{[%evp 20,149,5,-5,-10,-10,-4,-9,0,-20,-4,-3,-7,-109,-44,-103,-29,-38,-35,-54,0,0,-12,-14,0,0,0,0,0,0,17,0,0,4,7,0,7,6,6,6,6,0,14,14,12,0,0,8,25,0,0,0,0,0,0,8,12,0,0,0,0,0,0,0,5,0,0,0,0,0,0,0,673,0,0,0,0,0,0,0,0,0,45,0,0,0,0,0,0,0,0,0,0,0,0,0,0,0,0,0,0,0,0,0,3777,3385,3600,1889,1931,1780,1218,959,29972,29971,29973,29974,29974,29975,29975,29976,29975,29977,29977,29975,29974,29975,29974,29970,29966,29966,29963,29957]} 1. d4 d5 2. c4 c6 3. Nf3 e6 4. Qc2 dxc4 5. Qxc4 Nf6 6. g3 b5 7. Qc2 Bb7 8. Bg2 Nbd7 9. Nc3 a6 {D30: Queen's Gambit Declined: Systems without Nc3} 10. O-O (10. Ne5 Nxe5 11. dxe5 Nd7 12. O-O Be7 13. Rd1 O-O 14. Ne4 Qc7 15. Bf4 c5 16. Nf6+ Bxf6 17. exf6 e5 18. Qf5 Rfd8 19. Rxd7 {1-0 (19) So,W (2780)-Wei,Y (2729) chess.com INT 2018}) 10... c5 11. Rd1 {LiveBook: 5 Games} cxd4 $146 {The position is equal.} ({Predecessor:} 11... Rc8 12. Bg5 Qb6 13. Qd2 cxd4 14. Nxd4 Bxg2 15. Kxg2 Bc5 16. f3 h6 17. Bxf6 Nxf6 18. Nb3 Be7 19. Qd4 Qb7 {1-0 (35) Voit,D (2382)-Sudakova,I (2313) Moscow 2018}) 12. Nxd4 Bxg2 13. Kxg2 Qb6 14. Qd3 Ne5 15. Qe3 Qb7+ 16. Nf3 (16. Kg1 $11 Nc4 17. Qf3) 16... Nc4 (16... Neg4 $17 17. Qf4 (17. Qd4 $2 e5 $17) 17... Bc5) 17. Qf4 {[#]} ({White should play} 17. Qd3 $15) 17... Be7 (17... Bb4 $1 $17 18. Nb1 Rc8) 18. b3 $11 Nb6 19. Be3 Nbd5 20. Nxd5 Nxd5 21. Qe4 Nxe3+ 22. Qxe3 O-O 23. Rd3 Rfd8 24. Rad1 Qc7 25. Ne5 Rxd3 26. Rxd3 Rd8 27. Rxd8+ Qxd8 28. Nc6 Qd5+ 29. Qf3 Qxf3+ $1 30. Kxf3 {[%mdl 4096] Endgame KB-KN} Bd6 31. e4 e5 32. Kg4 g6 33. f4 f6 34. fxe5 (34. f5 {keeps more tension.} Kf7 35. Nd8+ Ke7 36. Ne6 h6 37. Kf3) 34... fxe5 35. a4 bxa4 36. bxa4 Kg7 37. Kf3 Kf6 38. Na5 Bc5 39. h3 Ke6 40. Nb3 Bb6 41. Ke2 Kd6 42. Kd3 h5 43. Kc4 Bf2 44. g4 hxg4 45. hxg4 g5 $2 {[%mdl 8192] [#]} (45... Kc6 $11) 46. Nd2 $2 ({White must play} 46. Nc1 $1 $18 {[%cal Rc1d3] Nd3 is the strong threat.} Bg1 47. Nd3) 46... Be3 47. Nf3 Bf4 48. Ne1 {Black should prevent Nd3.} Kc6 $1 49. Nd3 a5 $1 50. Nc5 Be3 51. Ne6 {Threatens to win with Nd8+.} (51. Nb3 {is more complex.} Bb6 52. Kc3 Bc7 53. Kc2 Bb6 54. Nd2) 51... Bf4 $1 52. Ng7 Be3 53. Nh5 Bf4 54. Nf6 Be3 55. Nd5 Bf4 56. Nc3 Be3 57. Nd5 Bf4 58. Ne7+ Kd7 59. Ng6 {Black must now prevent Kd5.} Kc6 60. Nh8 {Hoping for Nf7.} Be3 61. Kd3 Bc1 $2 {[%mdl 8192]} (61... Bf4 $11) 62. Nf7 $18 Bf4 63. Kc4 Be3 64. Nxe5+ Kd6 65. Nf3 Kc6 66. Nd4+ {White mates.} Kc7 67. Kd5 Kd7 68. e5 {[%cal Be4e5,Be5e6][%mdl 32]} Bd2 69. e6+ Ke7 70. Nc6+ Ke8 71. Kc5 Be1 72. Kd4 Bd2 73. Ke4 Be1 74. Kf5 Bd2 75. Ne5 {Precision: White = 61%, Black = 54%.} 1-0